|
|
|
|
| LEADER |
00000nas a2200000 a 4500 |
| 001 |
ssj0053139 |
| 003 |
WaSeSS |
| 005 |
20200512172242.0 |
| 006 |
m d |
| 007 |
cr n |
| 008 |
061106c20069999dcumn pss 0 0eng c |
| 010 |
|
|
|a 2008263029
|
| 022 |
|
|
|y 1935-7001
|
| 032 |
|
|
|a 009880
|b USPS
|
| 035 |
|
|
|a (WaSeSS)ssj0053139
|
| 037 |
|
|
|b Handley Wood, LLC, One Thomas Circle, N. W., Suite 600, Washington, D.C. 20005
|
| 040 |
|
|
|a CUD
|b eng
|c CUD
|d OCLCQ
|d TXA
|d NTE
|d OCLCQ
|d DLC
|d NOC
|d OCLCQ
|d OCLCO
|d OCLCQ
|d OCLCF
|d OCLCO
|d OCLCQ
|d TOF
|d AU@
|d Y38
|d GH1
|d OCLCO
|d WaSeSS
|
| 042 |
|
|
|a pcc
|
| 043 |
|
|
|a n-us---
|
| 050 |
1 |
4 |
|a NA1
|b .A326
|
| 082 |
1 |
4 |
|a 720
|2 14
|
| 130 |
0 |
|
|a Architect (Washington, D.C. : Online)
|
| 245 |
1 |
0 |
|a Architect
|h [electronic resource].
|
| 246 |
1 |
|
|i Some providers have title:
|a Architect online
|
| 260 |
|
|
|a Washington, D.C. :
|b Hanley Wood,
|c 2006-
|
| 310 |
|
|
|a Monthly (except semimonthly in Apr. & Sep.),
|b 2007-
|
| 321 |
|
|
|a Monthly (except 2 issues in Oct. and combined for Nov./Dec.),
|b 2006
|
| 362 |
1 |
|
|a Began with: Vol. 95, no. 11 (Mid-Oct. 2006).
|
| 506 |
|
|
|a License restrictions may limit access.
|
| 515 |
|
|
|a Vol. 95, no. 11 also called Premier issue.
|
| 588 |
|
|
|a Description based on first issue; title from journal homepage (EbscoHost, viewed Jan. 4, 2008).
|
| 588 |
|
|
|a Latest issue consulted: [vol. 96, issue 14] (Dec. 2007) (publisher's site, viewed Jan. 4, 2008).
|
| 650 |
|
0 |
|a Architects
|z United States
|v Periodicals.
|
| 650 |
|
0 |
|a Architecture
|z United States
|v Periodicals.
|
| 650 |
|
0 |
|a Architects
|v Periodicals.
|
| 650 |
|
0 |
|a Architectural practice
|z United States
|v Periodicals.
|
| 650 |
|
0 |
|a Architectural services marketing
|z United States.
|
| 650 |
|
6 |
|a Architectes
|z États-Unis
|v Périodiques.
|
| 650 |
|
6 |
|a Architecture
|z États-Unis
|x Périodiques.
|
| 650 |
|
6 |
|a Architectes
|v Périodiques.
|
| 650 |
|
6 |
|a Architecture
|x Pratique
|z États-Unis
|v Périodiques.
|
| 650 |
|
6 |
|a Architecture, Services d'
|x Marketing
|z États-Unis
|v Périodiques.
|
| 650 |
|
7 |
|a Architects.
|2 fast
|0 (OCoLC)fst00813114
|
| 650 |
|
7 |
|a Architectural practice.
|2 fast
|0 (OCoLC)fst00813303
|
| 650 |
|
7 |
|a Architectural services marketing.
|2 fast
|0 (OCoLC)fst00813327
|
| 650 |
|
7 |
|a Architecture.
|2 fast
|0 (OCoLC)fst00813346
|
| 650 |
|
7 |
|a Architecte.
|2 rasuqam
|
| 650 |
|
7 |
|a Architecture.
|2 rasuqam
|
| 650 |
|
7 |
|a Architektur
|2 gnd
|
| 651 |
|
7 |
|a United States.
|2 fast
|0 (OCoLC)fst01204155
|
| 651 |
|
7 |
|a États-Unis.
|2 rasuqam
|
| 655 |
|
0 |
|a Electronic journals.
|
| 776 |
0 |
8 |
|i Print version:
|t Architect (Washington, D.C.)
|x 1935-7001
|w (DLC) 2010219056
|w (OCoLC)75182955
|
| 780 |
0 |
0 |
|t Architecture (Washington, D.C. : Online)
|w (DLC) 2008263030
|w (OCoLC)71364639
|
| 856 |
4 |
0 |
|z Full text available from Research Library: 11/01/2006 to 07/31/2011
|u https://search.proquest.com/publication/38698
|